banner-ar

نظرة على مصر فى زمن بونابرت / (Record no. 61956)

MARC details
000 -الفاتح
حقل البيانات ثابتة الطول 01185nam a22002657a 4500
005 - وقت وتاريخ اخر تعامل مع التسجيلة
رقم الضبط 20240530110524.0
008 - عناصر البيانات ثابتة الطول - معلومات عامة
حقل البيانات ثابتة الطول 160224s2008 ua g b 000 0dara d
017 ## - رقم الايداع القانونى
رقم الايداع القانونى 2008/8450
المصدر ( الهيئة المختصة) مصر . دار الكتب المصرية
020 ## - الرقم الدولى المعيارى للكتب
الرقم الدولى المعيارى للكتاب 9774377036
040 ## - مصدر الفهرسة
وكالة الفهرسة الأصلية EG-CaGPL
082 04 - رقم تصنيف ديوى العشرى
رقم الطبعة 21
رقم التصنيف 962.02
رقم المادة ق/ل ن
100 1# - المدخل الرئيسى - إسم شخصى
الإسم الشخصى لوتى ، جان - جاك
245 10 - بيان العنوان
العنوان نظرة على مصر فى زمن بونابرت /
بيان المسئوليه,etc جان - جاك لوتى ؛ ترجمة و تعليق ناجى رمضان عطية ؛ مراجعة و تقديم احمد زكريا الشلق
250 ## - بيان الطبعة
بيان الطبعة ط1
260 ## - PUBLICATION, DISTRIBUTION, ETC. (IMPRINT)
تاريخ النشر أو التوزيع 2008 .
300 ## - الوصف المادى
التعداد 285 ص :
تفاصيل ماديه اخرى للوعاء صور ؛
أبعاد الوعاء 24 سم .
490 ## - بيان السلسلة
عنوان السلسلة المشروع القومى للترجمة ؛
رقم المجلد/ التعيين التسلسلي 1132
504 ## - تبصرة ببليوجرافية
تبصرة ببليوجرافية,الخ يشتمل على ارجاعات ببليوجرافية
600 0# - المدخل الاضافى بالموضوع-اسم شخصى
الإسم الشخصى نابليون بونابرت
650 04 - المدخل الاضافى بالموضوع-مصطلح موضوعى
مصطلح موضوعي مصر
التقسيم الفرعي العام الحملة الفرنسية ( 1798 - 1801 م )
700 0# - المدخل الاضافى - اسم شخصى
الإسم الشخصى ناجى رمضان عطية
الدور مترجم و معلق
700 0# - المدخل الاضافى - اسم شخصى
الإسم الشخصى احمد زكريا الشلق
الدور مراجع و مقدم
942 ## - عناصر المدخل الإضافي( كوها)
مصدر التصنيف او مخطط الترفيف Dewey Decimal Classification
Koha [default] item type كتاب
260 ## - PUBLICATION, DISTRIBUTION, ETC. (IMPRINT)
-- القاهرة :
-- المركز القومى للترجمة ،
Holdings
حالة التراجع حالة الفقد حالة تلف ليس للاعارة المكان المؤقت الموقع الحالى تاريخ الاكتساب اجمالي اﻻعارات رقم الطلب الباركود تاريخ اخر مشاهدة تاريخ تفعيل السعر نوع وعاء كوها
        مكتبة القاهرة الكبرى مكتبة القاهرة الكبرى 02/24/2016   962.02 ق/ل ن 161415 02/24/2016 02/24/2016 كتاب

Powered By

EGPV